| 000 | 00694cam a22002413a 4500 | ||
|---|---|---|---|
| 001 | 22813 | ||
| 003 | PGUSA | ||
| 005 | 20140828083503.0 | ||
| 008 | 070930s2007||||xxu|||||s|||||000 1 eng d | ||
| 040 |
_aPGUSA _beng |
||
| 042 | _adc | ||
| 050 | 4 | _aPQ | |
| 100 | 1 |
_aAbout, Edmond, _d1828-1885 |
|
| 245 | 1 | 0 |
_aHeath's Modern Language Series : _bLa Mère de la Marquise _h[electronic resource] / _cEdmond About |
| 260 |
_bProject Gutenberg, _c2007 |
||
| 506 | _aPublic domain in the USA. | ||
| 516 | _aElectronic text | ||
| 653 | _aFiction | ||
| 700 | 1 |
_aBrush, Murray Peabody, _d1872- |
|
| 830 | 0 |
_aProject Gutenberg _v22813 |
|
| 856 | 4 | 0 | _uhttp://www.gutenberg.org/ebooks/22813 |
| 942 | _cEB | ||
| 999 |
_c252068 _d252068 |
||